Top 7 biggest TOTAL armed forces of each continent - Statistics

General Stats
  • This quiz has been taken 14 times
  • The average score is 36 of 40
Answer Stats
Hint Answer % Correct
476.2K Algeria
100%
79.9K Australia
100%
2.2M Brazil
100%
97.2K Canada
100%
132.3K Chile
100%
3M China
100%
469K Colombia
100%
71.8K Dominican Republic
100%
158.1K Ecuador
100%
1.3M Egypt
100%
335.6K France
100%
4.2M India
100%
505.4K Mexico
100%
11.9K New Zealand
100%
4K Papua New Guinea
100%
346K Peru
100%
3.2M Russia
100%
6.6M South Korea
100%
351K Venezuela
100%
114.5K Cuba
93%
10K Fiji
93%
82.9K Honduras
93%
354.9K Italy
93%
395.8K Morocco
93%
223K Nigeria
93%
7.6M North Korea
93%
193.2K Paraguay
93%
990K Ukraine
93%
2.1M United States of America
93%
106.9K Guatemala
86%
503K Ethiopia
79%
1.5M Pakistan
79%
5.5M Vietnam
79%
750 Tonga
71%
448.1K Belarus
64%
428.4K Greece
64%
164.3K Sudan
64%
1.8M Taiwan
64%
268.8K Finland
50%
301.7K Eritrea
21%
No matching quizzes found
Score Distribution
Percent of People with Each Score
Percentile by Number Answered
Your Score History
You have not taken this quiz